01021 a2200205 45000010006000000050017000060080041000230030015000640400040000790800058001192450047001770200022002242500012002462640050002583000023003085050303003311000021006347000022006558560138006771467720260407155448.0260407a2006 arg spa dAR-UNSa-BCEJYS aAR-UNSa-BCEJYSbspacAR-UNSa-BCEJYS a330.567.28xEconomía y Finanzas de los particulares10aThe economic organization of the household a978-0-521-80527-8 a2a. ed. 1aCambridge :bCambridge University Pressc2006 axv, 336 p.c23 cm. a1. Introduction - 2. Household equilibrium - 3. The analysis of consumer demand - 4. Consumption and saving - 5. Work and Leisure: How the Household spends Its time - 6. Human capital: investing in oneself and One´s family - 7. The economics of fertility - 8. The economics of Marriage and divorce1 aBryant, W. Keith1 aZick, Cathleen D.41uhttps://biblioeco.unsa.edu.ar/pmb/images/libros/The economic organization of the household-l118960.jpgyImagen de portadaqimage/jpeg